000 00661nam a2200229 a 4500
999 _c9488
_d9488
001 9488
003 BD-JhCC
005 20180320165711.0
008 180315s2003 bg |||| ||a| 000 0 ben d
035 _a(BD-JhCC)9488
040 _aBD-JhCC
_dBD-JhCC
041 _aben
082 _a923
_bIMA 2003
100 _aইমাম, আলী
245 _aজীবন বাংলাদেশ মরণ বাংলাদেশ /
_cআলী ইমাম,
260 _aঢাকা :
_bআহমেদ পাবলিশিং হাউস,
_c2003
300 _a62 p. :
_c22 cm.
600 _aZia
650 _aBiography
942 _2ddc
_cBK